| 000 | 00721cam a2200181 a 4500 | ||
|---|---|---|---|
| 020 | _a1565634969 (pbk.) | ||
| 020 | _a9781565634961 (pbk.) | ||
| 082 | 0 | 0 |
_a230.0411 _bMUR |
| 100 | 1 | _aMurphy, Roland E. | |
| 245 | 1 | 0 | _aExperiencing our biblical heritage |
| 260 |
_aPeabody, Mass. : _bHendrickson Publishers, _cc2001. |
||
| 300 | _axv, 185 p. ; | ||
| 520 | _aBible. -- Old Testament -- Criticism, interpretation, etc. Carmelites -- Spiritual life. Carmes -- Vie spirituelle. | ||
| 650 | _a Bible. -- Old Testament -- Criticism, interpretation, etc | ||
| 856 | 4 | 2 | _uhttp://www.loc.gov/catdir/description/hend021/2001024798.html |
| 856 | 4 | 2 | _uhttp://www.loc.gov/catdir/enhancements/fy0706/2001024798-b.html |
| 942 | _cBK | ||
| 999 |
_c22338 _d22338 |
||